La Universidad de Salamanca y el Pontificado en la Edad Media / (Record n. 13208)

Dettagli MARC
000 -LEADER
fixed length control field 01117nam a2200277 i 4500
003 - CONTROL NUMBER IDENTIFIER
control field IT-RoINE
005 - DATE AND TIME OF LATEST TRANSACTION
control field 20190627101216.0
008 - FIXED-LENGTH DATA ELEMENTS--GENERAL INFORMATION
fixed length control field 150306s2014 sp |r|||| 001 | spa d
020 ## - INTERNATIONAL STANDARD BOOK NUMBER
International Standard Book Number 9788472998384
040 ## - CATALOGING SOURCE
Original cataloging agency SpMaBN
Transcribing agency SpMaBN
Modifying agency IT-RoINE
245 03 - TITLE STATEMENT
Title La Universidad de Salamanca y el Pontificado en la Edad Media /
Statement of responsibility, etc Miguel Anxo Pena González, Luis E. Rodríguez-San Pedro Bezares (coords.)
260 ## - PUBLICATION, DISTRIBUTION, ETC. (IMPRINT)
Place of publication, distribution, etc Salamanca :
Name of publisher, distributor, etc Publicaciones Universidad Pontificia,
Date of publication, distribution, etc 2014.
300 ## - PHYSICAL DESCRIPTION
Extent 643 p. ;
Dimensions 25 cm.
336 ## - CONTENT TYPE
Content type term Texto (visual)
Source isbdcontent
337 ## - MEDIA TYPE
Source rdamedia
Media type term unmediated
338 ## - CARRIER TYPE
Source rdacarrier
Carrier type term volume
490 1# - SERIES STATEMENT
Series statement Bibliotheca Salmanticensis.
-- Estudios ;
Volume number/sequential designation 350
500 ## - GENERAL NOTE
General note Incluye índices.
504 ## - BIBLIOGRAPHY, ETC. NOTE
Bibliography, etc Incluye referencias bibliográficas e índice
610 24 - SUBJECT ADDED ENTRY--CORPORATE NAME
Corporate name or jurisdiction name as entry element Universidad de Salamanca (España)
9 (RLIN) 8192
General subdivision Historia
650 #4 - SUBJECT ADDED ENTRY--TOPICAL TERM
9 (RLIN) 52574
Topical term or geographic name as entry element Iglesia
General subdivision Historia
Chronological subdivision 600-1500 (Edad media)
700 1# - ADDED ENTRY--PERSONAL NAME
Personal name Pena González, Miguel Anxo,
Dates associated with a name 1969-
9 (RLIN) 17076
700 1# - ADDED ENTRY--PERSONAL NAME
9 (RLIN) 7428
Personal name Rodríguez-San Pedro Bezares, Luis Enrique,
Dates associated with a name 1957-
830 #0 - SERIES ADDED ENTRY--UNIFORM TITLE
9 (RLIN) 3087
Uniform title Bibliotheca Salmanticensis.
Name of part/section of a work Estudios ;
Volume number/sequential designation 350
942 ## - ADDED ENTRY ELEMENTS (KOHA)
Item type Monografías
Dati di copia
Withdrawn status Lost status Damaged status Not for loan Home library Current library Date acquired Total Checkouts Full call number Barcode Date last seen Price effective from Koha item type
        Iglesia Nacional Española en Roma Iglesia Nacional Española en Roma 13/10/2016   COL.A 40.350 29574 13/10/2016 13/10/2016 Monografías